| 000 | 01649nam a2200373 i 4500 | ||
|---|---|---|---|
| 001 | 000008936 | ||
| 003 | DO-SdBNP | ||
| 005 | 20260417182716.0 | ||
| 007 | ta | ||
| 008 | 090921s2005 dr r 001 e spa d | ||
| 020 | _a9993430781 | ||
| 040 |
_aDO-SdBNP _bspa _cBNPHU _erda |
||
| 041 | _aspa | ||
| 082 | 4 |
_aRD864.4409 _bN694s _222 |
|
| 100 | 1 |
_aNúñez, Apolinar, _d1946- _923519 _4aut. _eautor |
|
| 245 | 1 | 0 |
_aSeis asedios a la literatura latinoamericana / _cApolinar Núñez. |
| 264 | 4 |
_aSanto Domingo : _bBanco Central de la República Dominicana, _c©2005. |
|
| 300 |
_a109 páginas ; _c23 cm. |
||
| 336 |
_atexto _btxt _2rdacontent |
||
| 337 |
_asin mediación _bn _2rdamedia |
||
| 338 |
_avolumen _bnc _2rdacarrier |
||
| 490 | 1 |
_aColección del Banco Central de la República Dominicana ; _v76 |
|
| 490 | 1 |
_aArte y literatura ; _v29 |
|
| 500 | _aIncluye datos biográficos del autor en la solapa de la cubierta. | ||
| 505 | 0 |
_tSor Leonor de Ovando -- _tA propósito de Filoctetes de Héctor Incháustegui Cabral -- _tLos sacerdotes en la narrativa de Gabriel García Márquez -- _tVilla Miseria también es América -- _tLa siconeurosis regresiva en los personajes de La ciudad y los perros -- _tEn la casa del pez que escupe el agua. |
|
| 590 | _aInventariado, 2018/BT | ||
| 650 | 0 |
_aEnsayos dominicanos _965 |
|
| 650 | 4 |
_aAutores latinoamericanos _xCrítica e interpretación _922865 |
|
| 650 | 0 |
_aLiteratura hispanoamericana _9318 |
|
| 650 | 0 |
_aLiteratura dominicana. _967 |
|
| 830 | 0 |
_aBanco Central de la República Dominicana _n76 _pArte y literatura _923520 _v29 |
|
| 910 | _aValidado. Control de calidad. EMS | ||
| 942 |
_2ddc _cLBS1 |
||
| 999 |
_c8702 _d8702 |
||